La catedral de México en 1668 (Record no. 4477)

MARC details
000 -CABECERA
campo de control de longitud fija 00931nam a2200241 a 4500
001 - NÚMERO DE CONTROL
campo de control BRCA_4780
005 - FECHA Y HORA DE LA ÚLTIMA TRANSACCIÓN
campo de control 20190320204813.0
008 - DATOS DE LONGITUD FIJA--INFORMACIÓN GENERAL
campo de control de longitud fija 751210s1969####mx-a######---#000-0#spa-#
041 ## - CÓDIGO DE LENGUA
Código de lengua del texto/banda sonora o título independiente spa
044 ## - CÓDIGO DEL PAÍS DE LA ENTIDAD EDITORA/PRODUCTORA
Código MARC del país mx
050 #4 - SIGNATURA TOPOGRÁFICA DE LA BIBLIOTECA DEL CONGRESO
Número de clasificación BX4610
Número de documento/Ítem .S27 1969
100 1# - ENTRADA PRINCIPAL--NOMBRE DE PERSONA
Nombre de persona Sariñana y Cuenca, Isidro
Fechas asociadas al nombre 1631-1696
9 (RLIN) 12084
245 10 - MENCIÓN DE TÍTULO
Título La catedral de México en 1668
Resto del título noticia breve de la solemne, deseada, última dedicación del Templo Metropolitano de México
Mención de responsabilidad, etc. Isidro Sariñana ; edición de Francisco de la Maza.
250 ## - MENCIÓN DE EDICIÓN
Mención de edición 2
260 ## - PUBLICACIÓN, DISTRIBUCIÓN, ETC.
Lugar de publicación, distribución, etc. Mexico
Nombre del editor, distribuidor, etc. UNAM, Instituto de Investigaciones Estéticas
Fecha de publicación, distribución, etc. 1969
300 ## - DESCRIPCIÓN FÍSICA
Extensión 55 p.
Otras características físicas il., 4 láminas
Dimensiones 23 cm.
500 ## - NOTA GENERAL
Nota general Suplemento 2 del núm. 37 de los Anales del Instituto de Investigaciones Estéticas
500 ## - NOTA GENERAL
Nota general CFG56
650 14 - PUNTO DE ACCESO ADICIONAL DE MATERIA--TÉRMINO DE MATERIA
Término de materia o nombre geográfico como elemento de entrada Academias, sociedades doctas, etc.
Subdivisión de forma Revista
Subdivisión geográfica México
9 (RLIN) 12085
700 1# - PUNTO DE ACCESO ADICIONAL--NOMBRE DE PERSONA
Nombre de persona Maza, Francisco de la
Fechas asociadas al nombre 1913-1972
Término indicativo de función/relación Editor
9 (RLIN) 278
902 ## - CATALOGADOR
Iniciales GFM
942 ## - ELEMENTOS DE PUNTO DE ACCESO ADICIONAL (KOHA)
Fuente del sistema de clasificación o colocación Library of Congress Classification
Tipo de ítem Koha Libros
Holdings
Estado de retiro Estado de pérdida Estado dañado No para préstamo Localización permanente Ubicación/localización actual Fecha de adquisición Número de inventario Total de préstamos Signatura topográfica completa Código de barras Fecha visto por última vez Precio válido a partir de Tipo de ítem Koha
El ejemplar forma parte de la colección y puede ser consultado según las políticas vigentes.       Biblioteca del Museo Franz Mayer (Rogerio Casas-Alatriste) Biblioteca del Museo Franz Mayer (Rogerio Casas-Alatriste) 08/10/2010 CFG56   BX4610 .S27 1969 (CFG56) 4806 22/03/2019 22/03/2019 Libros